000 00602nam a22001815i 4500
001 164878
003 ES-MaACL
005 20250805062614.0
008 020927s1894 gw |||| | ger d
040 _aCCPB | B
_bspa
_cCCPB | B
100 1 _aSchäffle, Albert Eberhard Friedrich.
_9149512
245 1 0 _aDeutsche Kern- und Zeitfragen /
_cvon Albert Schäffle,...
260 _aBerlin :
_bErnst Hofmann & Co.,
_c1894 (
_fDruck von P. S. Hermann)
300 _aVIII, 472 p. ;
_c23 cm.
650 7 _aSociología
_2embne
_917195
852 _aES-MaACL
_jG-2894
_z-- Enc. hol.
999 _c164878
_d164878